00800cam a22002291 4500001001300000003000400013005001700017008004100034010002200075025001900097043001200116050001800128100005300146245016800199260005600367300003000423350001200453500001700465650003200482710003900514999001700553sa 68013630 DLC20260227112623.0820525s1966 pk b 00010 eng  asa 68013630 //r83 aPL480:P-E-1141 aa-pk---0 aSB251.P25bA810aAnsari, M. A. A.q(Mohammad Anwar Ahmad),d1908-10aRésumé of the agricultural research work done under the Pakistan Central Cotton Committee during the course of 17 years, 1949-50 to 1965-66,cby M.A.A. Ansari.0 aKarachi,bPakistan Central Cotton Committee,c1966. a24 p.bfold. map.c25 cm. aRs.2.00 aCover title. 0aCottonxResearchzPakistan.20aPakistan Central Cotton Committee. c85224d85224